[Event "Challenge"]
[Site "http://www.queenalice.com/game.php?id=435526"]
[Date "2008.7.18"]
[Round "-"]
[White "viktorbook"]
[Black "chunga"]
[Result "0-1"]
[WhiteElo "1771"]
[BlackElo "1977"]

1. e4 e5 2. Nf3 Nc6 3. Bb5 Qf6 4. Nc3 Bc5 5. d3 Nge7 6. Bg5 Qg6 7. h4 h6 8. h5
hxg5 9. Qd2 Rxh5 10. O-O-O d6 11. Nd5 Nxd5 12. exd5 a6 13. Qa5 Bb6 14. dxc6 bxc6
15. Bxc6+ Bd7 16. Bxd7+ Kxd7 17. Qd5 Re8 18. Kb1 g4 19. Nd2 Bxf2 20. Nc4 Rf5 21.
Qb7 d5 22. Qxd5+ Ke7 23. Nxe5 Qd6 24. Nc6+ Kf6 25. Qxd6+ cxd6 26. c3 Bg3 27. Nd4
Rf2 28. Rdf1 Kg5 29. Rhg1 g6 30. a3 f5 31. Rh1 Rxg2 32. Rh7 Rb8 33. b4 a5 34.
Rf7 axb4 35. Ne6+ Kh6 36. axb4 Be5 37. d4 Bh2 38. Nf8 Ra8 39. Rh7+ Kg5 40. Rh8
Raa2 41. Rg8 Rgb2+ 42. Kc1 Bf4+ 43. Rxf4 Kxf4 44. Rxg6 Rg2 45. Ne6+ Ke3 0-1

[Event "Challenge"]
[Site "http://www.queenalice.com/game.php?id=435745"]
[Date "2008.7.19"]
[Round "-"]
[White "chunga"]
[Black "orinto"]
[Result "1-0"]
[WhiteElo "2011"]
[BlackElo "1833"]

1. d4 Nf6 2. Nc3 d5 3. Nf3 g6 4. Bg5 Bg7 5. e4 c6 6. e5 Ne4 7. Nxe4 dxe4 8. Nd2
Qb6 9. Nc4 Qc7 10. Qe2 Bf5 11. g4 Be6 12. Qxe4 Bd5 13. Nd6+ Kd7 14. Qf4 Bxh1 15.
Qxf7 Bf8 16. e6+ Kd8 17. Qe8# 1-0

[Event "Challenge"]
[Site "http://www.queenalice.com/game.php?id=441464"]
[Date "2008.7.30"]
[Round "-"]
[White "PhilBFrance"]
[Black "chunga"]
[Result "1-0"]
[WhiteElo "1937"]
[BlackElo "1985"]

1. e4 e5 2. Nf3 Nc6 3. Nc3 Nf6 4. d4 exd4 5. Nxd4 Bc5 6. Be3 O-O 7. Nxc6 dxc6 8.
Bxc5 Qxd1+ 9. Rxd1 Re8 10. f3 Be6 11. Be2 Rad8 12. O-O Nd7 13. Bf2 Nb6 14. Bg3
Na8 15. Rxd8 Rxd8 16. Rd1 Rxd1+ 17. Nxd1 Bxa2 18. b3 Bb1 19. Bd3 b5 20. Nc3 Bxc2
21. Bxc2 b4 22. Na4 Kf8 23. Nc5 Ke8 24. Na6 Kd8 25. Nxb4 c5 26. Nc6+ Kd7 27.
Nxa7 1-0

[Event "Challenge"]
[Site "http://www.queenalice.com/game.php?id=442804"]
[Date "2008.8.2"]
[Round "-"]
[White "REUSKING"]
[Black "chunga"]
[Result "1-0"]
[WhiteElo "1923"]
[BlackElo "2066"]

1. e4 e5 2. Nf3 Nc6 3. d4 d5 4. dxe5 dxe4 5. Qxd8+ Nxd8 6. Ng5 Nc6 7. Nxe4 Nxe5
8. Bf4 f6 9. Bxe5 fxe5 10. Bc4 Be7 11. O-O Bf5 12. Nbc3 O-O-O 13. Rad1 Nf6 14.
Nxf6 gxf6 15. Bb3 h5 16. Rxd8+ Rxd8 17. Nd5 Bc5 18. Ne3 Bg6 19. Rd1 Bd4 20. c3
Bc5 21. Be6+ Kb8 22. Rxd8# 1-0

[Event "Grand Wazoo"]
[Site "http://www.queenalice.com/game.php?id=442929"]
[Date "2008.8.3"]
[Round "-"]
[White "decimator"]
[Black "chunga"]
[Result "0-1"]
[WhiteElo "2022"]
[BlackElo "1981"]

1. d4 d5 2. c4 c6 3. Nf3 Nf6 4. Nc3 Bg4 5. h3 Bh5 6. Bg5 Nbd7 7. e3 e6 8. c5 Be7
9. Be2 O-O 10. Bxf6 Nxf6 11. Ne5 Bxe2 12. Qxe2 Nd7 13. Qh5 f6 14. Nf3 f5 15. Nh2
Nf6 16. Qe2 Qa5 17. O-O Rad8 18. Qc2 Ne4 19. Nxe4 fxe4 20. Qe2 b6 21. cxb6 axb6
22. a3 c5 23. dxc5 bxc5 24. Ng4 Rf5 25. b4 cxb4 26. axb4 Qxb4 27. Rfb1 Qd6 28.
Rb7 Rc8 29. Qb2 h5 30. Nh2 Bf6 31. Rc1 Bxb2 32. Rxc8+ Rf8 33. Rxf8+ Kxf8 34.
Rxb2 Qc5 35. Rb1 Qc2 36. Rf1 e5 37. f3 Ke7 38. Re1 g6 39. fxe4 Qxe4 40. Nf3 Kf6
41. h4 Qg4 42. e4 dxe4 43. Nd2 Kf5 44. Nxe4 Qxe4 45. Rxe4 Kxe4 46. Kf2 Kd3 47.
Ke1 e4 48. Kd1 e3 49. Ke1 e2 50. g3 Ke3 0-1

[Event "Challenge"]
[Site "http://www.queenalice.com/game.php?id=444117"]
[Date "2008.8.5"]
[Round "-"]
[White "chunga"]
[Black "REUSKING"]
[Result "1-0"]
[WhiteElo "1940"]
[BlackElo "1996"]

1. e4 e5 2. f4 exf4 3. Qg4 g5 4. Nf3 h6 5. Qf5 d6 6. Qd5 Nf6 7. Qb3 Bg7 8. Bc4
O-O 9. d3 Nc6 10. Bd2 a6 11. Na3 b5 12. Bd5 Nxd5 13. Qxd5 Bb7 14. O-O-O Na5 15.
Qf5 Nc6 16. h4 Qf6 17. Qxf6 Bxf6 18. hxg5 hxg5 19. Rh5 Ne5 20. Nxg5 Ng6 21. Nh7
Bxb2+ 22. Kxb2 Kg7 23. Nxf8 1-0

[Event "Challenge"]
[Site "http://www.queenalice.com/game.php?id=448822"]
[Date "2008.8.15"]
[Round "-"]
[White "chunga"]
[Black "KLEOJ"]
[Result "0-1"]
[WhiteElo "1989"]
[BlackElo "2180"]

1. e4 c5 2. f4 d5 3. exd5 Nf6 4. c4 e6 5. Nc3 exd5 6. cxd5 Nxd5 7. Nxd5 Qxd5 8.
Qe2+ Be6 9. Nf3 Be7 10. d3 Nc6 11. Be3 O-O 12. Qd2 Rfd8 13. Be2 Nb4 14. a3 Nxd3+
15. Qxd3 Qxd3 16. Bxd3 Rxd3 17. Ke2 Rb3 18. Rab1 Bf5 19. Nd2 Rb5 20. Rbc1 Rxb2
21. Bxc5 Re8 22. Kd1 Bg4+ 23. Nf3 Bxc5 24. h3 Bxf3+ 25. gxf3 Rd8+ 26. Ke1 Bxa3
27. Ra1 Bb4+ 28. Kf1 Rdd2 29. Rc1 Rf2+ 30. Kg1 Rg2+ 0-1

[Event "Ch 02"]
[Site "http://www.queenalice.com/game.php?id=454030"]
[Date "2008.8.26"]
[Round "-"]
[White "grazo"]
[Black "chunga"]
[Result "1-0"]
[WhiteElo "1877"]
[BlackElo "2018"]

1. e4 e5 2. Nf3 Nc6 3. d4 exd4 4. Nxd4 Nxd4 5. Qxd4 b6 6. Qd5 c6 7. Qe5+ Ne7 8.
Nc3 f6 9. Qh5+ Ng6 10. f4 f5 11. Qxf5 Be7 12. Qh5 O-O 13. Bc4+ Kh8 14. Qf3 Bd6
15. g3 Qe7 16. Bd3 Bc5 17. a3 d5 18. b4 Bd4 19. Bb2 Ne5 20. Qg2 Bg4 21. Be2 Bxe2
22. Qxe2 Nc4 23. O-O-O Nxb2 24. Rxd4 Nc4 25. exd5 Qxe2 26. Nxe2 Nxa3 27. d6 Nb5
28. Rd3 Rad8 29. d7 Rf7 30. Rhd1 Nc7 31. Ng1 Nd5 32. b5 Nb4 33. Rd6 cxb5 34. c3
Na6 35. Nf3 Nc5 36. Ne5 Rf6 37. Rxf6 1-0

[Event "Challenge"]
[Site "http://www.queenalice.com/game.php?id=455098"]
[Date "2008.8.28"]
[Round "-"]
[White "bruno_borges"]
[Black "chunga"]
[Result "1-0"]
[WhiteElo "1922"]
[BlackElo "1934"]

1. e4 e5 2. Nf3 Nc6 3. Bb5 d6 4. d4 Bd7 5. Nc3 Nf6 6. O-O Be7 7. Re1 O-O 8. d5
Nd4 9. Nxd4 exd4 10. Qxd4 Ng4 11. Bf4 Bf6 12. Qd3 Ne5 13. Qd2 Ng4 14. Bxd7 Qxd7
15. h3 Ne5 16. Bxe5 dxe5 17. Rad1 Rad8 18. Qd3 Rfe8 19. Nb5 a6 20. Na3 Bh4 21.
c4 Qe7 22. Nc2 Qf6 23. Qe2 Qb6 24. Ne3 Rd6 25. Nf5 Qxf2+ 26. Qxf2 1-0

[Event "Challenge"]
[Site "http://www.queenalice.com/game.php?id=455099"]
[Date "2008.8.28"]
[Round "-"]
[White "chunga"]
[Black "bruno_borges"]
[Result "0-1"]
[WhiteElo "1954"]
[BlackElo "1904"]

1. e4 e5 2. f4 exf4 3. Nf3 g5 4. h3 d6 5. Nc3 Bg7 6. d4 Ne7 7. Nxg5 Ng6 8. Nf3
Nc6 9. Nd5 O-O 10. Nxf4 Qe7 11. Nd5 Qxe4+ 12. Ne3 Nxd4 13. Bd3 Nxf3+ 14. Kf2
Qh4+ 15. g3 Qf6 16. Qxf3 Qxf3+ 17. Kxf3 Ne5+ 18. Ke2 Nxd3 19. Kxd3 Bd7 20. c3
Rae8 21. Bd2 Bc6 22. Rhe1 Re6 23. Nc4 Rfe8 24. Ne3 Be5 0-1

[Event "Waka Jawaka"]
[Site "http://www.queenalice.com/game.php?id=456957"]
[Date "2008.9.1"]
[Round "-"]
[White "chunga"]
[Black "decimator"]
[Result "1/2-1/2"]
[WhiteElo "1998"]
[BlackElo "2039"]

1. e4 e5 2. f4 Nc6 3. Nf3 exf4 4. Be2 d5 5. exd5 Qxd5 6. O-O Bc5+ 7. Kh1 Nf6 8.
Nc3 Qh5 9. d4 Bd6 10. Ne5 Qh6 11. Bxf4 Qh4 12. Qd2 Bxe5 13. Bxe5 Nxe5 14. dxe5
Ng4 15. Qf4 Be6 16. h3 h5 17. Rad1 g5 18. Qd4 O-O 19. Kg1 Nh6 20. Qxh4 gxh4 21.
Bxh5 Nf5 22. Rf3 Ng3 23. Bg4 Bxg4 24. hxg4 Rad8 25. Rdd3 Rxd3 26. cxd3 c6 27.
Kh2 Kg7 28. Kh3 Rh8 29. d4 b5 30. b4 a5 31. bxa5 b4 32. Na4 Ne2 33. a6 Ra8 34.
Nc5 Nxd4 35. Rf4 Ne6 36. Nxe6+ fxe6 37. Rxb4 Rxa6 38. a4 Ra5 39. Re4 Rd5 40.
Kxh4 Kg6 41. g3 Ra5 42. Rc4 Rxe5 43. Rxc6 Re1 44. Kh3 Re5 45. Kh4 Re1 46. Kh3
Re5 47. Kh4 1/2-1/2

[Event "AUTO-MASTER-601"]
[Site "http://www.queenalice.com/game.php?id=457287"]
[Date "2008.9.2"]
[Round "1"]
[White "josecastroman"]
[Black "chunga"]
[Result "1-0"]
[WhiteElo "1905"]
[BlackElo "1898"]

1. e4 e5 2. Nf3 Nc6 3. Bc4 Nf6 4. Nc3 Bb4 5. d3 d5 6. exd5 Nxd5 7. Bd2 Bg4 8.
Bxd5 Bxc3 9. Bxc6+ bxc6 10. Bxc3 O-O 11. h3 Bh5 12. g4 Bg6 13. Qd2 Qf6 14. Qe3
Qf4 15. Qxf4 exf4 16. O-O-O Rfe8 17. Rde1 f5 18. g5 a5 19. Rxe8+ Bxe8 20. Nd4
Bd7 21. h4 c5 22. Nb3 c4 23. dxc4 1-0

[Event "AUTO-MASTER-601"]
[Site "http://www.queenalice.com/game.php?id=457288"]
[Date "2008.9.2"]
[Round "1"]
[White "chunga"]
[Black "josecastroman"]
[Result "0-1"]
[WhiteElo "1916"]
[BlackElo "1888"]

1. e4 e5 2. f4 Nc6 3. Nf3 d6 4. Bb5 Bd7 5. fxe5 Nxe5 6. Bxd7+ Qxd7 7. O-O h6 8.
d4 Ng6 9. Nc3 O-O-O 10. Be3 Nf6 11. a4 a6 12. b4 Ne7 13. b5 a5 14. Nd2 c6 15.
Nc4 Qc7 16. b6 Qb8 17. Nxa5 Kd7 18. Qf3 Re8 19. e5 dxe5 20. dxe5 Nfd5 21. Nxd5
cxd5 22. Qg4+ Kd8 0-1

[Event "AUTO-MASTER-601"]
[Site "http://www.queenalice.com/game.php?id=457303"]
[Date "2008.9.2"]
[Round "1"]
[White "daf88"]
[Black "chunga"]
[Result "1-0"]
[WhiteElo "2030"]
[BlackElo "1971"]

1. e4 e5 2. Nf3 Nc6 3. Bb5 Nf6 4. O-O a6 5. Ba4 b5 6. Bb3 Bc5 7. Qe2 d6 8. h3
O-O 9. c3 Bb7 10. Rd1 Nh5 11. d4 exd4 12. cxd4 Bb4 13. Nc3 Qf6 14. Nd5 Qg6 15.
Nh4 Nxd4 16. Rxd4 1-0

[Event "AUTO-MASTER-601"]
[Site "http://www.queenalice.com/game.php?id=457304"]
[Date "2008.9.2"]
[Round "1"]
[White "chunga"]
[Black "daf88"]
[Result "0-1"]
[WhiteElo "1737"]
[BlackElo "2018"]

1. e4 e6 2. f4 d5 3. d3 dxe4 4. Nc3 Bb4 5. dxe4 Qxd1+ 6. Kxd1 Bxc3 7. bxc3 Nf6
8. e5 Ne4 9. Ne2 Nf2+ 10. Ke1 Nxh1 11. g3 Bd7 12. Bg2 Bc6 13. Bxc6+ Nxc6 14. Kf1
O-O-O 15. Be3 Na5 16. Kg2 Nc4 17. Bc1 Rd1 18. Ng1 Rhd8 19. Kxh1 Re1 0-1

[Event "AUTO-MASTER-601"]
[Site "http://www.queenalice.com/game.php?id=457315"]
[Date "2008.9.2"]
[Round "1"]
[White "chunga"]
[Black "arauca"]
[Result "0-1"]
[WhiteElo "1978"]
[BlackElo "2224"]

1. e4 Nf6 2. Bc4 Nxe4 3. Qh5 e6 4. Nf3 d5 5. Bb3 c5 6. Ne5 Qc7 7. d3 Nf6 8. Qe2
Bd6 9. Nf3 O-O 10. Bg5 Nbd7 11. Nc3 a6 12. O-O-O b5 13. a3 b4 14. axb4 cxb4 15.
Na4 Bb7 16. d4 Ne4 17. h4 Bc6 18. Nc5 Nexc5 19. dxc5 Nxc5 20. Nd4 a5 21. Rh3 a4
22. Ba2 Rfc8 23. g4 h6 24. Bd2 b3 25. Bb1 a3 26. Bb4 a2 0-1

[Event "AUTO-MASTER-601"]
[Site "http://www.queenalice.com/game.php?id=457316"]
[Date "2008.9.2"]
[Round "1"]
[White "arauca"]
[Black "chunga"]
[Result "1-0"]
[WhiteElo "2201"]
[BlackElo "2000"]

1. e4 e5 2. d4 exd4 3. Nf3 Bc5 4. c3 dxc3 5. Nxc3 Nf6 6. Bc4 O-O 7. O-O d6 8.
Bg5 Bg4 9. h3 Bh5 10. Nd5 Nbd7 11. b4 Bd4 12. Qxd4 Bxf3 13. gxf3 c6 14. Nxf6+
Nxf6 15. Rad1 h6 16. Bxf6 Qxf6 17. Qxf6 gxf6 18. Rxd6 Kg7 19. Rd7 b5 20. Bb3 a5
21. bxa5 Rxa5 22. Rc1 1-0